000
003160000a22001330004500
005
20120302064633.0
942
_c
BOOK
100
_a
Swaroopananda Saraswati.
245
_a
Gayatri Meemansa
260
_a
Pune: Shrutisagar Ashram
300
_a
15 p.
040
_a
mar
650
_a
Mantra / Gayatri / Gayatrimantra.
999
_c
362676
_d
362673